00555nam a2200181Ia 4500008004100000084001700041100002200058245005700080250002000137260001800157260000900175260001500184300001400199500003500213942000700248999001700255952010100272180424s9999 xx 000 0 und d a813.035 2 M1 a"Mizener, Arthur" 0aF. Scott Fitzgerald; a Collection of Critical Essays a\\196500ENGGPSX aPrentice Hall b1965 cNew Jersey aviii+173p aincludes index and biblioraphy cBK c31346d31346 00104070aPSGbPSGd2018-04-25l0o813.035 2 M1p37735r2018-04-25 00:00:00t0w2018-04-25yAR